Ideology in social sciences: readings in critical social history (Record no. 342185)

000 -LEADER
fixed length control field 00382cam a22001217a 4500
008 - FIXED-LENGTH DATA ELEMENTS--GENERAL INFORMATION
fixed length control field 180718b1972 xxu||||| |||| 00| 0 eng d
082 ## - DEWEY DECIMAL CLASSIFICATION NUMBER
Classification number B08 B562
100 ## - MAIN ENTRY--PERSONAL NAME
Personal name Blackburn, Robin
245 ## - TITLE STATEMENT
Title Ideology in social sciences: readings in critical social history
Statement of responsibility, etc. byrobin Blackburn
260 ## - PUBLICATION, DISTRIBUTION, ETC.
Place of publication, distribution, etc. New York
Name of publisher, distributor, etc. Pantheon Books
Date of publication, distribution, etc. 1972
300 ## - PHYSICAL DESCRIPTION
Extent 382p.
650 ## - SUBJECT ADDED ENTRY--TOPICAL TERM
Topical term or geographic name entry element Social sciences - Methodology
Holdings
Withdrawn status Lost status Damaged status Not for loan Permanent Location Current Location Date acquired Full call number Barcode Date last seen Price effective from Koha item type
        Indian Institute of Public Administration Indian Institute of Public Administration 1993-09-21 B08 B562 48968 2018-07-21 2018-07-21 Book

Powered by Koha